Les plus grandes villes d'Afrique - Statistiques

Statistiques générales
  • Ce quiz a été pris 212 fois
  • Le résultat moyen est 11 sur 15
Statistiques - réponses
# Ville % Correct
1 Le Caire
97%
3 Kinshasa - Brazzaville
90%
2 Lagos
88%
13 Dakar
84%
11 Le Cap
84%
14 Casablanca
77%
4 Johannesbourg
76%
10 Nairobi
75%
8 Abidjan
71%
9 Alexandrie
70%
6 Khartoum
67%
15 Addis-Abeba
66%
5 Luanda
61%
7 Dar es Salaam
32%
12 Kano
28%
Aucun quiz correspondant
Distribution des résultats
% des personnes avec chaque résultat
Percentile par nombre de réponses
Votre historique - résultats
Vous n’avez pas pris ce quiz